000 00521nam a2200181Ia 4500
008 090124s9999 xx 000 0 und d
082 _b126737
100 _aप्रभावळकर दिलीप
245 _a हसवा फसवी
250 _a1
260 _c1995
300 _a80
600 _aप्रभावळकर दिलीप
630 _a हसवा फसवी
700 _aप्रभावळकर दिलीप
730 _a हसवा फसवी
942 _cBOOK
999 _c172827
_d172827